Limits - Bad Omens - Statistics

General Stats
  • This quiz has been taken 11 times
  • The average score is 250 of 281
Answer Stats
% Correct
back
100%
but
100%
dying
100%
I
100%
If
100%
I'm
100%
know
100%
lions,
100%
me
100%
not
100%
of
100%
on
100%
one
100%
said
100%
said,
100%
scared
100%
should
100%
take
100%
the
100%
thing
100%
throwing
100%
to
100%
word
100%
You
100%
you
100%
you're
100%
You're
100%
(You're
100%
a
86%
and
86%
(And
86%
as
86%
be
86%
bottom
86%
dead
86%
did,
86%
did
86%
difference
86%
dragging
86%
fall
86%
flipped
86%
for
86%
forget
86%
gonna
86%
it
86%
Left
86%
list)
86%
make
86%
mentioned
86%
much
86%
my
86%
name
86%
never
86%
next)
86%
now
86%
problem
86%
root
86%
set
86%
So
86%
that
86%
they
86%
Took
86%
unsaid
86%
up
86%
villain
86%
wanted
86%
what
86%
wish
86%
won't
86%
wouldn't
86%
everyone's
71%
failing
71%
I'll
71%
illusions
71%
limits
71%
listening
71%
our
71%
pushing
71%
senses
71%
Well
71%
conclusions,
57%
dare
57%
follow
57%
holding
57%
Jump
57%
path
57%
stop
57%
them
57%
try
57%
end
43%
god,
43%
going
43%
Oh
43%
road
43%
scale's
43%
this
43%
(Tilted,
43%
tilted)
43%
until
43%
untilted
43%
at
29%
low
29%
onto
29%
woah
14%
No matching quizzes found
Score Distribution
Percent of People with Each Score
Percentile by Number Answered
Your Score History
You have not taken this quiz